| 000 | 008870171a2200253 4500 | ||
|---|---|---|---|
| 005 | 20140310183551.0 | ||
| 008 | 140114b xxu||||| |||| 00| 0 eng d | ||
| 020 | _a9789746521819 | ||
| 050 |
_aRT 49 _b.D64 2010 |
||
| 100 | _aDoenges, Marilynn E. | ||
| 245 |
_aNursing care plans : _bguidelines for individualizing patient care / _cMarilynn E. Doenges, Mary Frances Moorhouse, Alice C. Murr. |
||
| 250 | _a8th ed. | ||
| 260 |
_aPhiladelphia, PA : _bF.A. Davis, _c2010. |
||
| 300 |
_a961 p. : _c28 cm. |
||
| 500 | _aIncludes bibliographical references (p. 935-957) and index. | ||
| 521 | _aNUR | ||
| 650 |
_aNursing care plans _xHandbooks, manuals, etc. |
||
| 650 |
_aPatient Care Planning _xHandbooks |
||
| 650 |
_aNursing Process _xHandbooks |
||
| 700 | _aMoorhouse, Mary Frances, 1947- | ||
| 700 | _aGeissler-Murr, Alice, 1946- | ||
| 942 |
_cBK _2lcc _kFOR |
||
| 999 |
_c24951 _d24951 |
||